[Event "World University-ch 13th"]
[Site "Katowice"]
[Date "2014.08.20"]
[Round "4"]
[White "Carlos Arriaga, Jesus Roberto"]
[Black "Gergacz, Attila"]
[Result "1/2-1/2"]
[WhiteElo "2118"]
[BlackElo "2374"]
[PlyCount "80"]
[EventDate "2014.08.18"]
[EventType "swiss"]
[EventRounds "9"]
[EventCountry "POL"]
[SourceTitle "CBM 161 Extra"]
[Source "ChessBase"]
[SourceDate "2014.08.29"]
[SourceVersion "1"]
[SourceVersionDate "2014.08.29"]
[SourceQuality "1"]

1. Nf3 Nf6 2. c4 d6 3. d4 g6 4. Nc3 Bg7 5. e4 0-0 6. Be2 e5 7. dxe5 dxe5 8. Qxd8 Rxd8 9. Bg5 c6 10. h3 Na6 11. Be3 Nh5 12. 0-0 Nf4 13. Rfd1 Nxe2+ 14. Nxe2 Re8 15. b3 f5 16. Ne1 f4 17. Bc1 Nc5 18. f3 h5 19. Bb2 Kf7 20. Nc1 Ne6 21. Ncd3 Nf8 22. Nc2 g5 23. c5 Ng6 24. Na3 Be6 25. Bc3 Rad8 26. Nb2 Bf8 27. b4 g4 28. hxg4 hxg4 29. Nac4 Kf6 30. Kf2 Bg7 31. Nd6 Re7 32. Rh1 g3+ 33. Ke2 Rxd6 34. cxd6 Rd7 35. Rad1 Bf8 36. a3 Kg5 37. Nd3 Bxd6 38. Nc5 Bxc5 39. Rxd7 Bxd7 40. bxc5 Be6 1/2-1/2

[Event "World University-ch 13th"]
[Site "Katowice"]
[Date "2014.08.19"]
[Round "2"]
[White "Bernasek, Jan"]
[Black "Gergacz, Attila"]
[Result "1-0"]
[WhiteElo "2536"]
[BlackElo "2374"]
[PlyCount "75"]
[EventDate "2014.08.18"]
[EventType "swiss"]
[EventRounds "9"]
[EventCountry "POL"]
[SourceTitle "CBM 161 Extra"]
[Source "ChessBase"]
[SourceDate "2014.08.29"]
[SourceVersion "1"]
[SourceVersionDate "2014.08.29"]
[SourceQuality "1"]

1. d4 b6 2. c4 Bb7 3. Nc3 Nf6 4. f3 d6 5. e4 Nbd7 6. Be3 e5 7. d5 h5 8. Bd3 h4 9. Nh3 Be7 10. Qd2 Bc8 11. Nf2 Nh7 12. g3 Nc5 13. Bc2 a5 14. 0-0-0 Bd7 15. Kb1 Qc8 16. f4 Qa6 17. fxe5 dxe5 18. Nd3 Bd6 19. gxh4 Qxc4 20. Qg2 0-0-0 21. Rhf1 f6 22. Nxc5 bxc5 23. Rd3 f5 24. exf5 Qxh4 25. Ne4 Nf6 26. Nxc5 Bxc5 27. Bxc5 Qxh2 28. Qxg7 Qe2 29. Rc1 Bxf5 30. Rc3 Ne4 31. Bxe4 Qxe4+ 32. Ka1 Rh7 33. Qf6 Rxd5 34. Bd6 Kb7 35. Rxc7+ Rxc7 36. Rxc7+ Kb6 37. Bxe5+ Kb5 38. Qc6+ 1-0

[Event "World University-ch 13th"]
[Site "Katowice"]
[Date "2014.08.19"]
[Round "3"]
[White "Gergacz, Attila"]
[Black "Spalir, Jernej"]
[Result "1/2-1/2"]
[WhiteElo "2374"]
[BlackElo "2243"]
[PlyCount "119"]
[EventDate "2014.08.18"]
[EventType "swiss"]
[EventRounds "9"]
[EventCountry "POL"]
[SourceTitle "CBM 161 Extra"]
[Source "ChessBase"]
[SourceDate "2014.08.29"]
[SourceVersion "1"]
[SourceVersionDate "2014.08.29"]
[SourceQuality "1"]

1. e4 e5 2. Nf3 Nc6 3. Bc4 Bc5 4. c3 Nf6 5. d3 0-0 6. 0-0 d5 7. exd5 Nxd5 8. b4 Be7 9. b5 Na5 10. Bxd5 Qxd5 11. c4 Qd8 12. Bd2 b6 13. Nxe5 Bf6 14. Bxa5 bxa5 15. d4 Bxe5 16. dxe5 Be6 17. Na3 Qe7 18. Qb3 Qc5 19. Qe3 Qxe3 20. fxe3 c6 21. Rab1 Rac8 22. b6 axb6 23. Rxb6 Rfd8 24. Rfb1 g6 25. Rc1 Rd3 26. Rb3 Rd2 27. Nb1 Rxa2 28. Nc3 Bxc4 29. Rb7 Ra3 30. Ne4 Be6 31. Kf2 Ra2+ 32. Kg3 a4 33. Nc5 Ra3 34. Kf4 g5+ 35. Kxg5 Rxe3 36. Kf6 Bd5 37. Rcb1 Re8 38. Nd7 Be6 39. Nc5 Re2 40. Nd3 Rd2 41. Rb8 Bc8 42. Nf4 Rdd8 43. R1b4 Be6 44. Rxd8 Rxd8 45. Rxa4 Bb3 46. Ra3 Rb8 47. h4 c5 48. Ra6 Rc8 49. Rb6 Ba2 50. h5 h6 51. g4 Kh7 52. Rb2 Rc6+ 53. Ke7 Be6 54. Nxe6 Rxe6+ 55. Kxf7 Rxe5 56. Rb7 Rg5 57. Kf6+ Kh8 58. Rb8+ Kh7 59. Rb7+ Kh8 60. Rb8+ 1/2-1/2

[Event "World University-ch 13th"]
[Site "Katowice"]
[Date "2014.08.18"]
[Round "1"]
[White "Gergacz, Attila"]
[Black "Hardwarsing, Vishay"]
[Result "1-0"]
[WhiteElo "2374"]
[BlackElo "1596"]
[PlyCount "45"]
[EventDate "2014.08.18"]
[EventType "swiss"]
[EventRounds "9"]
[EventCountry "POL"]
[SourceTitle "CBM 161 Extra"]
[Source "ChessBase"]
[SourceDate "2014.08.29"]
[SourceVersion "1"]
[SourceVersionDate "2014.08.29"]
[SourceQuality "1"]

1. e4 e5 2. Nf3 Nc6 3. Bc4 Bc5 4. 0-0 Nf6 5. d3 h6 6. c3 d6 7. Re1 Na5 8. Bb5+ Nc6 9. d4 exd4 10. cxd4 Bb4 11. Nc3 0-0 12. h3 Ne7 13. Bd3 Re8 14. Bd2 c6 15. Rc1 Ng6 16. e5 Nd5 17. Nxd5 Bxd2 18. Nf6+ gxf6 19. Qxd2 Kh7 20. Qf4 Rg8 21. exf6 Be6 22. h4 Qf8 23. h5 1-0

[Event "Fredericia Glenco"]
[Site "Fredericia"]
[Date "2014.05.25"]
[Round "9"]
[White "Gergacz, Attila"]
[Black "Bakr, Jwan"]
[Result "1/2-1/2"]
[WhiteElo "2369"]
[BlackElo "2341"]
[PlyCount "42"]
[EventDate "2014.05.21"]
[EventType "tourn"]
[EventRounds "9"]
[EventCountry "DEN"]
[EventCategory "5"]
[SourceTitle "CBM 160 Extra"]
[Source "ChessBase"]
[SourceDate "2014.07.01"]
[SourceVersion "1"]
[SourceVersionDate "2014.07.01"]
[SourceQuality "1"]

1. e4 c6 2. d4 d5 3. exd5 cxd5 4. c4 Nf6 5. Nc3 Nc6 6. cxd5 Nxd5 7. Nf3 Bg4 8. Be2 e6 9. 0-0 Be7 10. h3 Bxf3 11. Bxf3 0-0 12. Nxd5 exd5 13. Be3 Bf6 14. Qb3 Nxd4 15. Bxd4 Bxd4 16. Qxd5 Qxd5 17. Bxd5 Rfd8 18. Bb3 Bxb2 19. Rad1 Bf6 20. Rxd8+ Rxd8 21. Rd1 Rxd1+ 1/2-1/2

[Event "Fredericia Glenco"]
[Site "Fredericia"]
[Date "2014.05.24"]
[Round "6"]
[White "Gergacz, Attila"]
[Black "Lubbe, Melanie"]
[Result "1-0"]
[WhiteElo "2369"]
[BlackElo "2350"]
[PlyCount "73"]
[EventDate "2014.05.21"]
[EventType "tourn"]
[EventRounds "9"]
[EventCountry "DEN"]
[EventCategory "5"]
[SourceTitle "CBM 160 Extra"]
[Source "ChessBase"]
[SourceDate "2014.07.01"]
[SourceVersion "1"]
[SourceVersionDate "2014.07.01"]
[SourceQuality "1"]

1. Nf3 Nf6 2. c4 g6 3. Nc3 Bg7 4. e4 d6 5. d4 0-0 6. Be2 e5 7. 0-0 Nc6 8. d5 Ne7 9. Ne1 Nd7 10. Be3 f5 11. f3 f4 12. Bf2 g5 13. a4 a5 14. Nd3 Rf6 15. Rc1 b6 16. b4 axb4 17. Nxb4 Rh6 18. Nb5 Nf6 19. Re1 g4 20. fxg4 Nxe4 21. Nd3 Bf6 22. Bf3 Nxf2 23. Nxf2 Bh4 24. Ne4 Bxe1 25. Qxe1 Rxa4 26. h4 Rg6 27. h5 Rg7 28. Qh4 Bd7 29. h6 Rf7 30. Qg5+ Kf8 31. Nbxd6 cxd6 32. Nxd6 Be8 33. Nxf7 Bxf7 34. Qxe5 Qd7 35. Re1 Ra5 36. Qg7+ Ke8 37. Qh8+ 1-0

[Event "Fredericia Glenco"]
[Site "Fredericia"]
[Date "2014.05.23"]
[Round "5"]
[White "Fries Nielsen, Niels Jorgen"]
[Black "Gergacz, Attila"]
[Result "1/2-1/2"]
[WhiteElo "2308"]
[BlackElo "2369"]
[PlyCount "39"]
[EventDate "2014.05.21"]
[EventType "tourn"]
[EventRounds "9"]
[EventCountry "DEN"]
[EventCategory "5"]
[SourceTitle "CBM 160 Extra"]
[Source "ChessBase"]
[SourceDate "2014.07.01"]
[SourceVersion "1"]
[SourceVersionDate "2014.07.01"]
[SourceQuality "1"]

1. d4 f5 2. g3 Nf6 3. Bg2 d5 4. c3 e6 5. Nh3 c5 6. 0-0 Nc6 7. e3 Bd7 8. Nd2 b5 9. b3 c4 10. a4 cxb3 11. axb5 Na5 12. Nxb3 Nc4 13. Nf4 Qb6 14. Ra6 Qxb5 15. Nxe6 Bxe6 16. Rxe6+ Kf7 17. Re5 g6 18. g4 Rb8 19. Nd2 fxg4 20. f3 1/2-1/2

[Event "Fredericia Glenco"]
[Site "Fredericia"]
[Date "2014.05.22"]
[Round "3"]
[White "Lubbe, Nikolas"]
[Black "Gergacz, Attila"]
[Result "1-0"]
[WhiteElo "2428"]
[BlackElo "2369"]
[PlyCount "65"]
[EventDate "2014.05.21"]
[EventType "tourn"]
[EventRounds "9"]
[EventCountry "DEN"]
[EventCategory "5"]
[SourceTitle "CBM 160 Extra"]
[Source "ChessBase"]
[SourceDate "2014.07.01"]
[SourceVersion "1"]
[SourceVersionDate "2014.07.01"]
[SourceQuality "1"]

1. c4 e5 2. Nc3 Nf6 3. Nf3 Nc6 4. e3 d6 5. d4 g6 6. Be2 Bg7 7. h3 0-0 8. d5 Nb8 9. g4 Ne8 10. e4 f5 11. gxf5 gxf5 12. Bg5 Nf6 13. exf5 Bxf5 14. Nh4 Qd7 15. Qd2 Na6 16. Rg1 Nb4 17. 0-0-0 Ne4 18. Nxe4 Nxa2+ 19. Kc2 Bxe4+ 20. Kb3 b5 21. cxb5 Kh8 22. f3 Rxf3+ 23. Nxf3 a6 24. Bh6 Bf6 25. Kxa2 axb5+ 26. Kb3 c5 27. Ra1 c4+ 28. Kb4 Rb8 29. Ng5 Bg6 30. Ne6 e4 31. Be3 c3 32. bxc3 Be5 33. Ra7 1-0